Statistiken für Top 15 Länder mit Covid-19-Todesfällen - 22. Mai 2021

Klicken Sie hier um das Quiz zu spielen!

Allgemein

  • Dieses Quiz wurde 13 mal gespielt
  • Das Durchschnittsergebnis liegt bei 15 aus 24

Antwortstatistiken

Totale
Todesfälle
Land% Korrekt
87 960Deutschland
100%
127 716Vereinigtes Königreich
100%
603 876Vereinigte Staaten
100%
448 291Brasilien
92%
79 620Spanien
92%
73 688Argentinien
85%
108 526Frankreich
85%
118 125Russland
85%
299 256Indien
77%
125 153Italien
69%
84 228Kolumbien
69%
221 256Mexiko
69%
72 882Polen
69%
67 807Peru
62%
Tschechien
62%
78 381Iran
54%
Belgien
46%
Bulgarien
31%
Ungarn
31%
Bosnien und
Herzegowina
23%
Kroatien
23%
Slowakei
23%
Slowenien
23%
Nordmazedonien
15%

Verteilung der Resultate

Perzentil nach korrekt beantworteten Fragen

Anzahl Personen mit jedem Resultat

Ihre Resultats-Entwicklung

Sie haben dieses Quiz noch nicht gespielt